Poverty issues in Sri Lanka : (Record no. 2669)
[ view plain ]
| 000 -LEADER | |
|---|---|
| fixed length control field | 00883nam a2200157Ia 4500 |
| 005 - DATE AND TIME OF LATEST TRANSACTION | |
| control field | 20240603234108.0 |
| 008 - FIXED-LENGTH DATA ELEMENTS--GENERAL INFORMATION | |
| fixed length control field | 240331s9999 xx 000 0 und d |
| 020 ## - INTERNATIONAL STANDARD BOOK NUMBER | |
| ISBN | 9558930000 |
| 082 ## - DDC Classification | |
| Item Number - Author Mark | POV |
| Class No. | 361 |
| 100 ## - MAIN ENTRY--PERSONAL NAME | |
| Personal name | CEPA |
| 245 #0 - TITLE STATEMENT | |
| Title | Poverty issues in Sri Lanka : |
| Remainder of title | towards new empirical insights |
| 260 ## - PUBLICATION, DISTRIBUTION, ETC. | |
| Place of publication, distribution, etc. | Orugodawatta |
| Name of publisher, distributor, etc. | Gunaratne Offset Ltd. |
| Date of publication, distribution, etc. | 2003 |
| 300 ## - PHYSICAL DESCRIPTION | |
| Extent (e.g. Volumes, Pages etc.) | xxvii,252 p., |
| 500 ## - GENERAL NOTE | |
| General note | This publication compiles the papers presented at the 3 rd annual symposium on poverty research in Sri Lanka held in August 2002 with the ain to discuss recent research findings on different aspects of poverty and to map out priorities and future directions pertaining to poverty research in Sri Lanka. Increasing the understanding of the causes and dynamics of poverty in Sri Lanka will also improve the formulation of proper strategies to allevuate poverty in the country. |
| 942 ## - Koha item type (Biblio) | |
| Koha item type | Books in Stacks (Lending) |
| Lost status | Damaged status | Collection code | Home library | Current library | Shelving location | Date acquired | Full call number | Accession Number | Item type |
|---|---|---|---|---|---|---|---|---|---|
| Lending | WERC Library | WERC Library | Social Science Cupboard | 03/31/2024 | 361.2 POV | 5596 | Books in Stacks (Lending) |
